Corporate identity grosser Auftritt für kleine Unternehmen

Enregistré dans:
Détails bibliographiques
Auteur principal: Weinberger, Annja
Format: Livre
Langue:allemand
Publié: München Stiebner 2010
Sujets:
Tags: Ajouter un tag
Pas de tags, Soyez le premier à ajouter un tag!

MARC

LEADER 00000nam a2200000 4500
001 0121239
005 20230220101214.5
020 |a 978-3-8307-1378-4 
041 0 |a ger 
044 |a DE 
245 1 0 |a Corporate identity  |b grosser Auftritt für kleine Unternehmen  |c Annja Weinberger 
264 1 |a München  |b Stiebner  |c 2010 
300 |a 176 s. 
610 2 0 |a identita podniková 
610 2 0 |a riadenie podnikové 
610 2 0 |a stratégia podniková 
610 2 0 |a imidž 
610 2 0 |a ciele podnikové 
610 2 0 |a správanie organizačné 
610 2 0 |a spolupracovníci 
100 1 |a Weinberger, Annja